| 000 | 00364nam a2200145Ia 4500 | ||
|---|---|---|---|
| 005 | 20251222141904.0 | ||
| 008 | 251222s9999||||xx |||||||||||||| ||spa|| | ||
| 020 | _a84-85840-17-8 | ||
| 082 | _a371.3/E76 | ||
| 100 | _aEscaño, José | ||
| 245 | 0 | _aCómo Se Aprende y Cómo Se Enseña | |
| 250 | _a3a.ed. | ||
| 264 | _bICE - Universitat de Barcelona | ||
| 942 | _cLIB | ||
| 999 |
_c8164 _d8164 |
||